K-POP Demon Hunters Quiz - Statistics

General Stats
  • This quiz has been taken 229 times
  • The average score is 18 of 25
Answer Stats
Hint Answer % Correct
Name of kpop girl band Huntrix Huntr/x
88%
Name of demon group band Saja boys
85%
Pink hair girl Mira
83%
Googoo gaga Baby
81%
Black hair girl Zoey
81%
Muscles Abby
80%
Blue Tiger Derpy 더피
79%
How its ---- ---- ---- Done done done
78%
My little ------- Soda Pop
78%
Very busy director Bobby
77%
Purple hair girl Rumi
77%
Yeah im all you need imma be ---- ---- Your idol
75%
Three eyed crow Sussie 서시
74%
I don't think youre ready for the -------- Takedown
73%
Gonna be gonna be ----- Golden
72%
This is ---- -- ------ ---- What it sounds like
72%
Love Romance
69%
Keeping you in ----- Check
68%
Very evil demon Gweema
68%
Nothing but the ----- now Truth
68%
For the ---- Fans
67%
We could be ---- Free
67%
To understand the part, we must understand the ----- Whole
57%
Demon with beepa Jinu
40%
What is this Mystery
32%
No matching quizzes found
Score Distribution
Percent of People with Each Score
Percentile by Number Answered
Your Score History
You have not taken this quiz